| 000 | 00442nam a2200181Ia 4500 | ||
|---|---|---|---|
| 001 | 3341 | ||
| 005 | 20260306145636.0 | ||
| 008 | 260306t2005||||xx |||||||||||||| ||spa|| | ||
| 041 | _aESP | ||
| 082 |
_a270 _bH59 T. 2 |
||
| 100 |
_aMartín Hernández, Francisco _eAUT |
||
| 245 | 0 |
_aHistoria de la iglesia: _bII. edad moderna |
|
| 260 | _c2005 | ||
| 300 |
_apágs. : _c21 cm. |
||
| 650 | _aGEN | ||
| 654 | _aCHU | ||
| 942 |
_cLIB _dJUS _fJUS _2ddc _n |
||
| 999 |
_c3341 _d3341 |
||